Statistics for European countries by capitals (Very Hard)

Click here to take the quiz!

General Stats

  • This quiz has been taken 41 times
    (13 since last reset)
  • The average score is 51 of 92

Answer Stats

CapitalCountry% Correct
MinskBelarus
100%
DublinIreland
100%
WarsawPoland
100%
Andorra la VellaAndorra
92%
ViennaAustria
92%
BrusselsBelgium
92%
SofiaBulgaria
92%
ZagrebCroatia
92%
PragueCzech Republic
92%
CopenhagenDenmark
92%
LondonEngland
92%
TallinnEstonia
92%
HelsinkiFinland
92%
ParisFrance
92%
AthensGreece
92%
LuxembourgLuxembourg
92%
MonacoMonaco
92%
AmsterdamNetherlands
92%
LisbonPortugal
92%
BucharestRomania
92%
MoscowRussia
92%
San MarinoSan Marino
92%
EdinburghScotland
92%
BratislavaSlovakia
92%
StockholmSweden
92%
BernSwitzerland
92%
AnkaraTurkey
92%
KyivUkraine
92%
Vatican CityVatican City
92%
BerlinGermany
83%
BudapestHungary
83%
ReykjavíkIceland
83%
RomeItaly
83%
RigaLatvia
83%
OsloNorway
83%
BelgradeSerbia
83%
LjubljanaSlovenia
83%
MadridSpain
83%
YerevanArmenia
75%
NicosiaCyprus
75%
VaduzLiechtenstein
75%
VallettaMalta
75%
PodgoricaMontenegro
75%
BelfastNorthern Ireland
75%
SkopjeNorth Macedonia
75%
CardiffWales
75%
TiranaAlbania
67%
BakuAzerbaijan
67%
BarcelonaCatalonia
67%
TbilisiGeorgia
67%
AstanaKazakhstan
67%
PristinaKosovo
67%
VilniusLithuania
67%
ChișinăuMoldova
67%
GibraltarGibraltar
58%
MunichBavaria
50%
SarajevoBosnia and Herzegovina
42%
PalermoSicily
33%
TórshavnFaroe Islands
25%
CagliariSardinia
25%
LongyearbyenSvalbard
25%
MariehamnÅland
17%
GroznyChechnya
17%
KazanTatarstan
17%
SukhumiAbkhazia
8%
BatumiAdjara
8%
MaykopAdygea
8%
AostaAosta Valley
8%
Saint Peter PortBailiwick of Guernsey
8%
Saint HelierBailiwick of Jersey
8%
UfaBashkortostan
8%
Vitoria-GasteizBasque Country
8%
CheboksaryChuvashia
8%
MakhachkalaDagestan
8%
TriesteFriuli Venezia Giulia
8%
MagasIngushetia
8%
DouglasIsle of Man
8%
ElistaKalmykia
8%
CherkesskKarachay-Cherkessia
8%
PetrozavodskKarelia
8%
SyktyvkarKomi
8%
Yoshkar-OlaMari El
8%
SaranskMordovia
8%
VladikavkazNorth Ossetia–Alania
8%
ToulouseOccitania
8%
TskhinvaliSouth Ossetia
8%
IzhevskUdmurtia
8%
Novi SadVojvodina
8%
ComratGagauzia
0%
NalchikKabardino-Balkaria
0%
TiraspolTransnistria
0%
TrentoTrentino-Alto Adige/Südtirol
0%

Score Distribution

Percentile by Number Answered

Percent of People with Each Score

Your Score History

You have not taken this quiz since the last reset